Normal view
MARC view
- الالعاب الرياضي- تعليم
Entry Topical Term
001 - CONTROL NUMBER
- control field: 21153
003 - CONTROL NUMBER IDENTIFIER
- control field: JO-AjAnu
005 - DATE AND TIME OF LATEST TRANSACTION
- control field: 20230606073653.0
008 - FIXED-LENGTH DATA ELEMENTS
- fixed length control field: 230606|| aca||aabn | a|a d
040 ## - CATALOGING SOURCE
- Original cataloging agency: JO-AjAnu
- Transcribing agency: JO-AjAnu
150 ## - HEADING--TOPICAL TERM
- Topical term or geographic name entry element: الالعاب الرياضي- تعليم
670 ## - SOURCE DATA FOUND
- Source citation: Work cat.: (JO-AjAnu)10868: شحائة، إبراهيم، م.مشارك الشاذلي، احمد فؤاد, author 21152, طرق تعليم الألعاب الرياضية